000 00581nam a2200205Ia 4500
005 20260429111923.0
008 260429s9999||||xx |||||||||||||| ||und||
020 _a9781032439570
041 _aEnglish
082 _a809
_bBAT
100 _aBattles, Dominique
245 0 _aMedieval literature :
_ban introduction to type-scenes /
_cDominique Battles
250 _a1st ed.
260 _aNew York :
_bRoutledge,
_c2025.
300 _axxvi, 218 p.; pbk
650 _a Comparative literature
650 _a Literary criticism
650 _aMedieval literature
942 _cTB
999 _c51436
_d51436